Temporal aggregation of a VARIMAX process

Gespeichert in:
Bibliographische Detailangaben
1. Verfasser: Marcellino, Massimiliano
Format: Buch
Sprache:Englisch
Veröffentlicht: San Domenico (FI) European University Institute 1995
Schriftenreihe:EUI Working paper ECO No. 95/39
Schlagworte:
Tags: Tag hinzufügen
Keine Tags, Fügen Sie das erste Tag hinzu!

MARC

LEADER 00000nam a2200000 4500
001 c134260
005 20221123112852.3
041 0 |a eng 
044 |a IT 
245 1 0 |a Temporal aggregation of a VARIMAX process  |c Massimiliano Marcellino 
264 1 |a San Domenico (FI)  |b European University Institute  |c 1995 
300 |a 26 s. 
490 1 |a EUI Working paper ECO  |v No. 95/39 
830 0 |a EUI Working paper ECO  |v No. 95/39 
610 2 0 |a ekonometria 
610 2 0 |a agregácia 
100 1 |a Marcellino, Massimiliano